000 00654nam a2200205Ia 4500
001 21706
003 GE_BSU
008 181216s||||||||xx |||||||||||||| ||und||
040 _cGE_BSU
080 _aპერიოდიკა
245 _aეკონომიკა №6. 2017
245 _bმეცნიერება, პრაქტიკა, გამოცდილება.
245 _cმთ.რედ: რ.შენგელია
260 _aთბილისი
260 _c2017
300 _a174 გვ. 20სმ.
653 _aეკონომიკა №6. 2017
653 _aპერიოდიკა
942 _cCR
999 _c54639
_d54639